MARC

LEADER 00000nbm0a2200000 4500
001 318950
005 20231102003130.0
035 |a (RuTPU)RU\TPU\book\344455 
090 |a 318950 
100 |a 20160513d1978 k y0rusy50 ca 
101 0 |a rus 
102 |a RU 
105 |a a p 000zy 
200 1 |a Применение нейтронно-активационного метода анализа для контроля загрязнения внешней среды продуктами деления ядерного горючего  |e отчет о НИР  |f Томский политехнический институт (ТПИ), Научно-исследовательский институт ядерной физики (НИИ ЯФ) ; руководитель Г. Г. Глухов ; исполнитель В. И. Резчиков 
210 |a Томск  |c Изд-во НИИ ядерной физики при ТПИ  |d 1978 
215 |a 15 л.  |c ил. 
371 0 |a For_staff_use 
606 1 |a Радиохимический анализ  |2 stltpush  |3 (RuTPU)RU\TPU\subj\23296  |9 47918 
606 1 |a Делящиеся материалы  |2 stltpush  |3 (RuTPU)RU\TPU\subj\71435  |9 85342 
610 1 |a окружающая среда 
610 1 |a техногенные загрязнения 
610 1 |a снег 
610 1 |a торф 
610 1 |a нейтронно-активационный анализ 
610 1 |a стратифицированные образования 
610 1 |a ядерные установки 
610 1 |a контроль 
610 1 |a ядерно-физические методы 
610 1 |a применение 
610 1 |a отчеты о НИР 
610 1 |a труды учёных ТПУ 
675 |a 543.52(04)  |v 4 
675 |a 621.039.54(04)  |v 4 
702 1 |a Глухов  |b Г. Г.  |c специалист в области радиационного контроля  |c заведующий лабораторией Томского политехнического университета, кандидат химических наук  |f 1940-  |g Геннадий Георгиевич  |2 stltpush  |3 (RuTPU)RU\TPU\pers\29243  |4 673 
702 1 |a Резчиков  |b В. И.  |4 677 
712 0 2 |a Томский политехнический институт (ТПИ)  |b Научно-исследовательский институт ядерной физики (НИИ ЯФ)  |c (1975-1998)  |2 stltpush  |3 (RuTPU)RU\TPU\col\11922 
801 1 |a RU  |b 63413507  |c 20160513 
801 2 |a RU  |b 63413507  |c 20160524  |g RCR 
942 |c BK